Statistiques concernant La Bible - Les livres de l'Ancien Testament

Cliquez ici pour prendre le quiz!

Statistiques générales

  • Ce quiz a été pris 65 fois
  • Le résultat moyen est 25 sur 39

Statistiques - réponses

CatégorieNom du livre% Correct
Pentateuque 1Genèse
98%
Pentateuque 2Exode
98%
Pentateuque 5Deutéronome
92%
Pentateuque 4Nombres
90%
Pentateuque 3Lévitique
88%
Livres Historiques 61 Rois
86%
Livres Historiques 72 Rois
86%
Les Prophètes 1Esaïe
86%
Livres poétiques 1Job
82%
Livres Historiques 41 Samuel
82%
Livres Historiques 52 Samuel
82%
Livres poétiques 2Psaumes
82%
Les Prophètes 5Daniel
76%
Les Prophètes 4Ezéchiel
76%
Les Prophètes 2Jérémie
76%
Livres poétiques 3Proverbes
71%
Livres Historiques 3Ruth
71%
Livres Historiques 1Josué
69%
Livres Historiques 12Esther
67%
Livres Historiques 2Juges
67%
Les Prophètes 10Jonas
65%
Livres poétiques 5Cantique des Cantiques
61%
Livres poétiques 4Ecclésiaste
59%
Les Prophètes 16Zacharie
57%
Livres Historiques 92 Chroniques
57%
Livres Historiques 81 Chroniques
57%
Les Prophètes 17Malachie
53%
Livres Historiques 10Esdras
51%
Les Prophètes 6Osée
49%
Livres Historiques 11Néhémie
47%
Les Prophètes 8Amos
47%
Les Prophètes 3Lamentations de Jérémie
45%
Les Prophètes 7Joël
43%
Les Prophètes 13Habakuk
43%
Les Prophètes 9Abdias
41%
Les Prophètes 11Michée
41%
Les Prophètes 14Sophonie
39%
Les Prophètes 12Nahum
37%
Les Prophètes 15Aggée
35%

Distribution des résultats

Percentile par nombre de réponses

% des personnes avec chaque résultat

Votre développement - résultats

Vous n’avez pas pris ce quiz